| 000 | 00546nam a22001577a 4500 | ||
|---|---|---|---|
| 005 | 20231113142349.0 | ||
| 008 | 231113b |||||||| |||| 00| 0 eng d | ||
| 041 | _aEnglish | ||
| 082 | _a345 PRI | ||
| 100 |
_aTheart, OR ; Oberholzer, BW and Maasdorp, A _lEnglish |
||
| 245 |
_aPrinciples of Namibian Criminal Law : _bFor the Investigator/Prosecutor / _cOR Theart, BW Oberholzer and A Maasdorp |
||
| 260 |
_aWindhoek : _c1992 |
||
| 300 |
_b174 pages ; _c30 cm. |
||
| 650 |
_aLegal practice _bLaw |
||
| 942 |
_cBK _6ALISON_BN_VRIES |
||
| 999 |
_c583 _d583 |
||